Humanism in India : notes for a study of history (Record no. 446952)

000 -LEADER
fixed length control field 00486cam a22001577a 4500
008 - FIXED-LENGTH DATA ELEMENTS--GENERAL INFORMATION
fixed length control field 180718b2014 xxu||||| |||| 00| 0 eng d
082 ## - DEWEY DECIMAL CLASSIFICATION NUMBER
Classification number AA G165
100 ## - MAIN ENTRY--PERSONAL NAME
Personal name Garcia, Fernando Alberto
9 (RLIN) 3767
245 ## - TITLE STATEMENT
Title Humanism in India : notes for a study of history
Statement of responsibility, etc by Fernando Alberto Garcia
260 ## - PUBLICATION, DISTRIBUTION, ETC. (IMPRINT)
Place of publication, distribution, etc Mumbai
Name of publisher, distributor, etc Foundation for Humanization
Date of publication, distribution, etc 2014
300 ## - PHYSICAL DESCRIPTION
Extent 288p.
650 ## - SUBJECT ADDED ENTRY--TOPICAL TERM
Topical term or geographic name as entry element Humanism
9 (RLIN) 3768
650 ## - SUBJECT ADDED ENTRY--TOPICAL TERM
Topical term or geographic name as entry element Humanism -- History
9 (RLIN) 3769
650 ## - SUBJECT ADDED ENTRY--TOPICAL TERM
Topical term or geographic name as entry element Humanism -- India
9 (RLIN) 3770
942 ## - ADDED ENTRY ELEMENTS (KOHA)
Source of classification or shelving scheme
Holdings
Withdrawn status Lost status Source of classification or shelving scheme Damaged status Koha normalized classification for sorting Not for loan Permanent location Current location Date acquired Full call number Barcode Date last seen Price effective from Koha item type
        AA_G165   Indian Institute of Public Administration Indian Institute of Public Administration 2018-07-10 AA G165 87640 2018-07-21 2018-07-21 Book

Powered by Koha